000 00802nam a2200265Ia 4500
003 OSt
005 20220926011225.0
006 a|||||r|||| 00| 0
007 ta
008 220923b |||||||| |||| 00| 0 eng d
020 _a0131657046
037 _cGeneral Book
040 _aRTL
_cRTL
_beng
041 _2eng
_aeng
082 _aD6,9(B), M2
100 _aGoldschlager L
_9313768
245 0 _aComputer science
_b A modern introduction
260 _aNew Jersey
_bPrentice-Hall
_c1982
300 _axii, 303p. Bibliography chapterwise
_ccm.
490 _aPrentice-Hall international series in computer science
650 _aComputer Science
700 _a Lister A
_9313769
942 _hD6,9(B), M2
_cGB
_2CC
999 _c619427
_d619427